000 00731nam a2200217 i 4500
001 35402
003 ES-MaACL
005 20250927114153.0
007 t|
008 030212s1953 sp ||||1| spa d
100 1 _aBon, Henri.
_930040
245 1 4 _aLas curaciones milagrosas modernas /
_cHenri Bon y Francisco Leuret ; traducción por José María Bernáldez.
260 _aMadrid :
_bFax,
_c1953 (
_fHalar)
300 _a268 p. ;
_c20 cm.
490 1 _aPsicología, medicina, pastoral
700 1 _aBernáldez Montalvo, José María.
_9153063
700 1 _aLeuret, François,
_d1797-1851
_9128914
830 0 _aPsicología, medicina, pastoral
_9180800
852 _aES-MaACL
_jC-6232
_bR.35332
999 _c35402
_d35402